[Event "Qatar Masters Open 2024"]
[Site "Doha QAT"]
[Date "2024.12.09"]
[Round "6.47"]
[White "Vantika, Agrawal"]
[Black "Adireddy, Arjun"]
[Result "1-0"]
[WhiteTitle "IM"]
[BlackTitle "FM"]
[WhiteElo "2392"]
[BlackElo "2336"]
[WhiteFideId "25050389"]
[BlackFideId "25647709"]
[EventDate "2024.12.03"]

1. d4 Nf6 2. c4 e6 3. Nf3 d5 4. Nc3 c6 5. Bg5 dxc4 6. e4 b5 7. e5 h6 8. Bh4 g5
9. Nxg5 hxg5 10. Bxg5 Be7 11. exf6 Bxf6 12. Bxf6 Qxf6 13. g3 Na6 14. Bg2 Bb7 15.
Ne4 Qe7 16. O-O O-O-O 17. h4 c5 18. a4 Rxd4 19. Qe2 b4 20. Rac1 Bd5 21. Rfe1 Rd8
22. Ng5 Qb7 23. Bxd5 R4xd5 24. Qxc4 Nb8 25. Qf4 Rf5 26. Qe3 Na6 27. Nxe6 fxe6
28. Qxe6+ Qd7 29. Qxa6+ Kb8 30. Re2 Qd4 31. Qb5+ Ka8 32. Qc6+ Kb8 33. a5 Qd7 34.
Re6 Qd4 35. Rf1 Qd7 36. a6 Qc7 37. Qb5+ Ka8 38. Rfe1 Rb8 39. Qd3 1-0

[Event "Qatar Masters Open 2024"]
[Site "Doha QAT"]
[Date "2024.12.09"]
[Round "6.48"]
[White "Jani, Kushal R"]
[Black "Pham, Le Thao Nguyen"]
[Result "1/2-1/2"]
[BlackTitle "IM"]
[WhiteElo "2326"]
[BlackElo "2384"]
[WhiteFideId "25679988"]
[BlackFideId "12401226"]
[EventDate "2024.12.03"]

1. d4 Nf6 2. c4 e6 3. Nf3 d5 4. Nc3 Bb4 5. Qa4+ Nc6 6. e3 O-O 7. Bd2 Re8 8. a3
Bf8 9. Qc2 e5 10. dxe5 Nxe5 11. cxd5 Nxd5 12. Nxe5 Rxe5 13. e4 Nxc3 14. Bxc3 Re8
15. Bd3 Qg5 16. O-O Be6 17. e5 Qh4 18. Be4 c6 19. f4 Rad8 20. Kh1 Bd5 21. Rf3 g6
22. Bxd5 cxd5 23. Qd2 b6 24. Rd3 Rd7 25. Rf1 Red8 26. Bd4 Re8 27. b4 Rc7 28. Qe3
Qg4 29. f5 Qe4 30. Qd2 Rec8 31. e6 fxe6 32. fxg6 Bg7 33. gxh7+ Kh8 34. Re1 Qg4
35. h3 Qg6 36. Bxg7+ Rxg7 37. Ree3 Qh6 38. Qf2 Kxh7 39. Rd4 Kg8 40. Rg3 Rc7 41.
Rh4 Qc1+ 42. Kh2 Rf7 43. Qd4 Qc7 44. Rg4 Kh7 45. Qd3+ Kg8 46. Qd4 Kh7 47. h4
Rxg4 48. Qxg4 Rg7 49. Qh5+ Kg8 50. Qe8+ Kh7 51. Qh5+ Kg8 1/2-1/2

[Event "Qatar Masters Open 2024"]
[Site "Doha QAT"]
[Date "2024.12.09"]
[Round "6.49"]
[White "Panda, Sambit"]
[Black "Abdulla, Murad"]
[Result "1/2-1/2"]
[WhiteTitle "IM"]
[BlackTitle "FM"]
[WhiteElo "2381"]
[BlackElo "2321"]
[WhiteFideId "25091794"]
[BlackFideId "2403757"]
[EventDate "2024.12.03"]

1. e4 c5 2. Nf3 e6 3. d4 cxd4 4. Nxd4 a6 5. Nc3 Qc7 6. Bd3 Bc5 7. Nb3 Be7 8. O-O
Nf6 9. Qe2 d6 10. f4 Nc6 11. Bd2 b5 12. a3 O-O 13. Kh1 Bb7 14. Rae1 Nd7 15. Qh5
b4 16. Ne2 a5 17. a4 Ba6 18. g4 e5 19. f5 Nf6 20. Qh3 d5 21. g5 Nxe4 22. Bxe4
dxe4 23. f6 Bd6 24. fxg7 Rfe8 25. Ng3 Bxf1 26. Rxf1 Nd4 27. Nxe4 Re6 28. Nxd4
exd4 29. Nf6+ Rxf6 30. gxf6 Qxc2 31. Qg2 Rd8 32. Re1 Qxa4 33. Qd5 Qd7 34. Bf4
Re8 35. Rxe8+ Qxe8 36. Bxd6 Qe1+ 37. Kg2 Qe2+ 38. Kh3 Qf1+ 39. Kg4 Qe2+ 40. Qf3
h5+ 41. Kg3 h4+ 42. Kg4 d3 43. Kf4 Kh7 44. Bc5 Qxh2+ 45. Kf5 Qe2 46. Qf4 Qh5+
47. Ke4 d2 48. Qxd2 Qxc5 49. Qd3 Qc8 50. Kf4+ Kg8 51. Kg5 Qc1+ 52. Kh5 Qc5+ 53.
Kxh4 Qf2+ 54. Kg5 Qg2+ 55. Kf4 Qf2+ 56. Kg5 Qg2+ 57. Kh5 Qh2+ 58. Kg4 Qg2+ 59.
Kf4 Qf2+ 1/2-1/2

[Event "Qatar Masters Open 2024"]
[Site "Doha QAT"]
[Date "2024.12.09"]
[Round "6.50"]
[White "Vaz, Ethan"]
[Black "Ezat, Mohamed"]
[Result "1-0"]
[WhiteTitle "IM"]
[BlackTitle "IM"]
[WhiteElo "2378"]
[BlackElo "2312"]
[WhiteFideId "25940783"]
[BlackFideId "10600906"]
[EventDate "2024.12.03"]

1. e4 c6 2. d4 d5 3. e5 Bf5 4. Nf3 e6 5. Be2 c5 6. Be3 cxd4 7. Nxd4 Ne7 8. c4
Nbc6 9. Qa4 a6 10. Nc3 dxc4 11. O-O-O Qa5 12. Qxa5 Nxa5 13. Nxf5 Nxf5 14. Bb6
Nc6 15. f4 Be7 16. Kb1 Rc8 17. g4 Nh4 18. Ne4 Nb4 19. Bf2 Ng2 20. f5 Nf4 21. f6
Nxe2 22. fxe7 c3 23. bxc3 Nd5 24. Kb2 Kxe7 25. Bh4+ f6 26. exf6+ gxf6 27. Rxd5
exd5 28. Nxf6 d4 29. Re1 d3 30. Rd1 Kf7 31. Rxd3 Rhd8 32. Nd7 Nf4 33. Rd6 Re8
34. Rf6+ Ke7 35. Nb6 Ng2 36. Nxc8+ Rxc8 37. Bg5 Rg8 38. h4 Ke8 39. Re6+ Kd7 40.
Re7+ Kc6 41. Rxh7 Ne1 42. Rh6+ Kd7 43. Rb6 Kc8 44. Rf6 Kd7 45. Bd2 Nd3+ 46. Kc2
Nc5 47. g5 Rh8 48. Be3 Ne4 49. Rf4 Nd6 50. g6 Ke6 51. Bd4 Rg8 52. Rf6+ Ke7 53.
h5 Ne4 54. Rf4 Ng3 55. h6 1-0

[Event "Qatar Masters Open 2024"]
[Site "Doha QAT"]
[Date "2024.12.09"]
[Round "6.51"]
[White "Priansh, Das"]
[Black "Nurgaliyev, Sauat"]
[Result "0-1"]
[BlackTitle "IM"]
[WhiteElo "2311"]
[BlackElo "2374"]
[WhiteFideId "45029946"]
[BlackFideId "13726285"]
[EventDate "2024.12.03"]

1. e4 c5 2. Nf3 d6 3. d4 cxd4 4. Nxd4 Nf6 5. Nc3 a6 6. Be3 e5 7. Nb3 Be6 8. Qd2
Nbd7 9. f4 b5 10. O-O-O Be7 11. f5 Bc4 12. Kb1 Rc8 13. h3 O-O 14. a3 a5 15. g4
b4 16. Bxc4 bxc3 17. Qxc3 a4 18. Nd2 d5 19. exd5 Nxd5 20. Qd3 Nxe3 21. Qxe3 Qc7
22. g5 Nb6 23. f6 Bxa3 24. fxg7 Rfd8 25. Qxa3 Nxc4 26. Nxc4 Qxc4 27. Rxd8+ Rxd8
28. Re1 Qh4 29. Qe3 Rd5 30. Rf1 Qc4 31. Qf2 Rd6 32. Qf3 Rb6 33. Rf2 e4 34. Qa3
Kxg7 35. Qe7 Qe6 36. Qc5 Rd6 37. c4 e3 38. Re2 Rd3 39. h4 a3 40. h5 Rd1+ 41. Ka2
axb2 42. Kxb2 Rd3 43. Kc2 Qe4 44. Kb2 Qb7+ 45. Qb5 Qe7 46. Qa5 Qd6 47. Kc2 Qd4
48. Qb4 Qe4 49. Kb2 Qg4 50. h6+ Kg6 51. Rh2 Qd4+ 52. Kc2 Rd1 53. Qb3 Rd2+ 54.
Rxd2 Qxd2+ 55. Kb1 e2 56. Qb6+ Kh5 0-1

[Event "Qatar Masters Open 2024"]
[Site "Doha QAT"]
[Date "2024.12.09"]
[Round "6.52"]
[White "Vaibhav, Jayant Raut"]
[Black "Arun, Kataria"]
[Result "0-1"]
[WhiteTitle "CM"]
[BlackTitle "FM"]
[WhiteElo "2304"]
[BlackElo "2370"]
[WhiteFideId "5089034"]
[BlackFideId "46630368"]
[EventDate "2024.12.03"]

1. c4 e5 2. Nc3 Nf6 3. Nf3 Nc6 4. g3 d5 5. cxd5 Nxd5 6. Bg2 Nf6 7. O-O h6 8. d3
Bd6 9. a3 O-O 10. b4 Re8 11. Bb2 a5 12. b5 Nd4 13. e3 Nxf3+ 14. Bxf3 Bf8 15. Rc1
a4 16. Nxa4 Ra5 17. Qc2 Rxb5 18. Qxc7 Qxd3 19. Rfd1 Qb3 20. Qc2 Be6 21. Rd2 Rc8
22. Qxb3 Rxc1+ 23. Qd1 Rxd1+ 24. Bxd1 Be7 25. Nc3 Ra5 26. a4 Bd7 27. Bf3 Bc6 28.
Kg2 Kf8 29. Bxc6 bxc6 30. Kf3 Ke8 31. Ke2 Bb4 32. Rc2 Kd7 33. Na2 Bd6 34. Nc3
Nd5 35. Rd2 Ke6 36. Rc2 Nb6 37. Rc1 f6 38. Ne4 c5 39. Rb1 Nxa4 40. Ra1 Ra8 41.
Ba3 f5 42. Nd2 Nc3+ 43. Kd3 Nb5 44. Bb2 Rxa1 45. Bxa1 Kd5 46. f3 e4+ 47. fxe4+
fxe4+ 48. Kc2 Na3+ 49. Kc1 g6 50. Bg7 h5 51. Bf6 Bc7 52. Kb2 Nb5 53. Kb3 Nd6 54.
Bc3 Bd8 55. h3 Nf5 56. Nf1 Bc7 57. Be1 Nd6 58. Bc3 Nc4 59. Bf6 Ba5 60. Kc2 Nd6
61. Kb3 Nf5 62. Bc3 Bb6 63. Bd2 c4+ 64. Kc2 Bc7 65. Be1 Be5 66. Bf2 Nd6 67. Be1
Kc5 68. Bd2 Nb5 69. Bc1 Kb4 70. Nd2 Nd6 71. g4 c3 72. Nb3 h4 73. Nd4 Bxd4 74.
exd4 Kc4 75. Bg5 Nb5 76. d5 Nd4+ 77. Kc1 Kxd5 78. Bxh4 Kc4 79. Bg5 Kd3 80. h4 e3
81. h5 Ne2+ 0-1

[Event "Qatar Masters Open 2024"]
[Site "Doha QAT"]
[Date "2024.12.09"]
[Round "6.53"]
[White "Bagwe, Gaurang"]
[Black "Bakhrillaev, Bakhrom"]
[Result "1/2-1/2"]
[WhiteTitle "FM"]
[BlackTitle "FM"]
[WhiteElo "2302"]
[BlackElo "2369"]
[WhiteFideId "45039895"]
[BlackFideId "14212285"]
[EventDate "2024.12.03"]

1. e4 e5 2. Nf3 Nc6 3. Bb5 a6 4. Ba4 d6 5. O-O Bd7 6. c3 g6 7. d4 Bg7 8. Re1 Nf6
9. Nbd2 O-O 10. h3 Re8 11. Bc2 a5 12. Nf1 a4 13. Ng3 b5 14. Be3 Qe7 15. Qd2 Na5
16. b3 c5 17. d5 Reb8 18. Reb1 Qd8 19. Bd1 Qc7 20. Qc2 Be8 21. Nd2 b4 22. bxa4
bxc3 23. Qxc3 Nd7 24. Rb5 f5 25. exf5 e4 26. Qc1 Bxa1 27. Qxa1 Ne5 28. Rxb8 Rxb8
29. Ndxe4 Qb6 30. Nxd6 Nac4 31. Nxc4 Nxc4 32. Bb3 Nxe3 33. fxe3 c4 34. Bxc4
Qxe3+ 35. Kh2 Bf7 36. fxg6 hxg6 37. Qf6 Rb6 38. d6 Bxc4 39. Qxg6+ Kf8 40. Qf5+
Bf7 41. Qc8+ Be8 42. d7 Rd6 43. dxe8=Q+ Qxe8 44. Qc5 Qc6 45. Qb4 Kf7 46. Nf5 Rd7
47. Qf4 Qc7 48. Kg3 Rd3+ 49. Kg4 Qxf4+ 50. Kxf4 Ra3 51. Kg5 Rxa2 52. g4 Rxa4 53.
h4 Ra6 54. h5 Rb6 55. h6 Kg8 56. Kh5 Kh7 57. g5 Re6 58. Nh4 Re5 59. Ng6 Rf5 60.
Ne7 Re5 61. Nc6 Rd5 62. Nb4 Rd1 63. g6+ Kh8 64. Nc6 Rh1+ 65. Kg5 Rg1+ 66. Kf6
Rf1+ 67. Ke7 Re1+ 68. Kf7 Rf1+ 69. Ke8 Rg1 70. Kf7 Rf1+ 71. Ke6 Rg1 72. Kf5 Rf1+
73. Ke5 Rg1 74. Ne7 Rxg6 75. Nxg6+ Kh7 76. Ke4 Kxg6 1/2-1/2

[Event "Qatar Masters Open 2024"]
[Site "Doha QAT"]
[Date "2024.12.09"]
[Round "6.54"]
[White "Aradhya, Garg"]
[Black "Munkhzul, Turmunkh"]
[Result "1-0"]
[WhiteTitle "IM"]
[BlackTitle "WGM"]
[WhiteElo "2365"]
[BlackElo "2301"]
[WhiteFideId "25006746"]
[BlackFideId "4901878"]
[EventDate "2024.12.03"]

1. d4 d5 2. Nf3 e6 3. Bf4 c5 4. e3 Nf6 5. Nbd2 Bd6 6. Bb5+ Nc6 7. dxc5 Bxf4 8.
exf4 O-O 9. O-O Qa5 10. Bxc6 bxc6 11. Nb3 Qc7 12. g3 Ba6 13. Re1 Nd7 14. Qd4
Rfe8 15. Re3 Re7 16. Rae1 Rae8 17. Qc3 f6 18. Nbd4 Nf8 19. Qa3 Bb7 20. c4 Qd7
21. Qb3 g6 22. Qc3 Ba6 23. b3 dxc4 24. bxc4 Qc7 25. Qb4 e5 26. fxe5 fxe5 27. Nb3
Nd7 28. Qa5 Qc8 29. Qc3 Qc7 30. Qa5 Qc8 31. Nbd2 Nf6 32. Nxe5 Bb7 33. Ng4 Rxe3
34. Nxf6+ Kf7 35. Rxe3 Rxe3 36. fxe3 Kxf6 37. Ne4+ Kg7 38. Nd6 Qg4 39. Qc3+ Kg8
40. Nxb7 Qd1+ 41. Kf2 Qh1 42. h4 Qh2+ 43. Kf3 Qh1+ 44. Ke2 Qg2+ 45. Kd3 Qxa2 46.
Nd6 Qf2 47. Qe5 Qf1+ 48. Ke4 h6 49. Qe8+ Kg7 50. Qd7+ Kg8 51. Qc8+ Kh7 52. Qb7+
Kg8 53. Qb8+ Kh7 54. Qxa7+ Kg8 55. Qf7+ Qxf7 56. Nxf7 Kxf7 57. Ke5 Ke7 58. g4 1-0

[Event "Qatar Masters Open 2024"]
[Site "Doha QAT"]
[Date "2024.12.09"]
[Round "6.55"]
[White "Omonov, Asrorjon"]
[Black "Vignesh Advaith Vemula"]
[Result "1-0"]
[WhiteTitle "FM"]
[WhiteElo "2360"]
[BlackElo "2276"]
[WhiteFideId "14212552"]
[BlackFideId "25792059"]
[EventDate "2024.12.03"]

1. d4 Nf6 2. c4 e6 3. Nc3 Bb4 4. Qc2 d5 5. cxd5 exd5 6. Nf3 O-O 7. Bg5 h6 8. Bh4
c5 9. e3 Nc6 10. a3 Bxc3+ 11. bxc3 cxd4 12. cxd4 g5 13. Bg3 Ne4 14. Nd2 Qa5 15.
f3 Nxg3 16. hxg3 Re8 17. Kf2 Bf5 18. Qb2 Re6 19. g4 Bh7 20. Nb3 Qc7 21. Nc5 Rxe3
22. Kxe3 Qg3 23. Bd3 Re8+ 24. Kd2 Qxg2+ 25. Kc3 Qxf3 26. Raf1 Qxg4 27. Qf2 Re7
28. Bxh7+ Kxh7 29. Rfg1 Qe2 30. Rxh6+ 1-0

[Event "Qatar Masters Open 2024"]
[Site "Doha QAT"]
[Date "2024.12.09"]
[Round "6.56"]
[White "Vivaan Vishal Shah"]
[Black "Shturman, Arseniy"]
[Result "0-1"]
[WhiteTitle "CM"]
[BlackTitle "FM"]
[WhiteElo "2296"]
[BlackElo "2350"]
[WhiteFideId "25184237"]
[BlackFideId "34275797"]
[EventDate "2024.12.03"]

1. e4 c5 2. Nf3 d6 3. d4 cxd4 4. Nxd4 Nf6 5. Nc3 a6 6. Bg5 e6 7. f4 Be7 8. Qf3
Qc7 9. O-O-O Nbd7 10. g4 b5 11. Bxf6 Nxf6 12. g5 Nd7 13. f5 O-O 14. Rg1 b4 15.
Nce2 e5 16. f6 exd4 17. fxe7 Re8 18. Nxd4 Ne5 19. Qf4 Qc5 20. Rg3 Rxe7 21. h4
Ng6 22. Qd2 Nxh4 23. Nb3 Qa7 24. Qxb4 Qf2 25. Qe1 Qf4+ 26. Qe3 Rxe4 27. Qxf4
Rxf4 28. Bd3 Be6 29. c3 a5 30. Bb1 Bf5 31. Nd4 Bxb1 32. Kxb1 Re8 33. Nb5 Nf5 34.
Nxd6 Nxd6 35. Rxd6 g6 36. Rg2 Re5 37. Rd3 Rff5 38. Rdg3 Kg7 39. b4 f6 40. gxf6+
Rxf6 41. Rg5 Rxg5 42. Rxg5 axb4 43. cxb4 h5 44. b5 Kh6 45. Rg3 g5 46. Rb3 g4 47.
b6 Rf8 48. b7 Rb8 49. a4 h4 50. Rb4 Kg5 51. Rb5+ Kf6 52. Rb6+ Kf5 53. Rb5+ Kf4
54. Rb4+ Kg5 55. Rb5+ Kf6 56. Rb4 g3 57. Rxh4 Rxb7+ 58. Kc2 g2 59. Rf4+ Kg5 60.
Rf8 Rg7 0-1

[Event "Qatar Masters Open 2024"]
[Site "Doha QAT"]
[Date "2024.12.09"]
[Round "6.57"]
[White "Jaiveer, Mahendru"]
[Black "Mohamed, Anees M"]
[Result "1/2-1/2"]
[WhiteTitle "FM"]
[BlackTitle "FM"]
[WhiteElo "2271"]
[BlackElo "2344"]
[WhiteFideId "25611151"]
[BlackFideId "35065815"]
[EventDate "2024.12.03"]

1. e4 c5 2. Nf3 d6 3. d4 cxd4 4. Nxd4 Nf6 5. Nc3 Nc6 6. Bc4 e6 7. Be3 a6 8. Qe2
Qc7 9. Nxc6 bxc6 10. O-O-O Be7 11. g4 Nd7 12. g5 Nb6 13. Bb3 a5 14. h4 Ba6 15.
Qg4 Nc4 16. Bxc4 Bxc4 17. h5 d5 18. f4 Bb4 19. Bd4 O-O-O 20. Bxg7 Rhg8 21. Be5
Qb6 22. exd5 Qe3+ 23. Kb1 Bxc3 24. Bxc3 Bxd5 25. Rhe1 Bf3 26. Rxd8+ Rxd8 27. Qg3
Qe2 28. Qg1 Qb5 29. Qa7 Rd7 30. Qa8+ Qb8 31. Qxa5 Bxh5 32. a3 Bg6 33. Qa4 Qb7
34. Kc1 Rd5 35. Be5 Kd7 36. Bf6 Qb6 37. Qa8 Bh5 38. Kb1 Bg6 39. Kc1 Bh5 40. Kb1
Bg6 41. Bc3 Qc7 42. Rf1 Qb6 43. a4 Qb3 44. Rc1 Qc4 45. Qa7+ Ke8 46. a5 Qa4 47.
Qb8+ Rd8 48. Qe5 Rd5 49. Qb8+ Rd8 50. Qe5 Rd5 51. Qe3 Rd1 52. Qf2 Rd5 53. Re1
Bf5 54. Rc1 Bg6 55. Rf1 Qc4 56. Re1 Qa4 57. Qh2 Bf5 58. Rf1 Rd3 59. Qe2 Qc4 60.
Re1 Rxc3 61. bxc3 Qb3+ 62. Kc1 Qxc3 63. Rf1 Qa1+ 64. Kd2 Qxa5+ 65. Kc1 Qa1+ 66.
Kd2 1/2-1/2

[Event "Qatar Masters Open 2024"]
[Site "Doha QAT"]
[Date "2024.12.09"]
[Round "6.58"]
[White "Kiolbasa, Oliwia"]
[Black "Aziz, Husain"]
[Result "0-1"]
[WhiteTitle "IM"]
[BlackTitle "IM"]
[WhiteElo "2371"]
[BlackElo "2329"]
[WhiteFideId "1154613"]
[BlackFideId "12100293"]
[EventDate "2024.12.03"]

1. e4 e5 2. Nf3 Nc6 3. Bc4 Nf6 4. d3 h6 5. a4 d6 6. Nc3 g6 7. h3 Bg7 8. a5 O-O
9. Bd2 Nb4 10. O-O c5 11. Bb3 Kh7 12. Ne2 Nc6 13. g4 d5 14. g5 dxe4 15. gxf6
Qxf6 16. Nh2 exd3 17. cxd3 Bxh3 18. Re1 Rad8 19. Qc2 Rd7 20. Ba4 Rfd8 21. Qxc5
Rxd3 22. Bxc6 Bf8 23. Qc4 bxc6 24. Bc1 R8d5 25. Ng3 Bc5 26. Be3 Rxe3 27. fxe3
Qg5 28. Kh1 Qxg3 29. Re2 Bxe3 30. Qxc6 Rxa5 31. Rd1 Bb6 32. b4 Ra3 33. Qe8 Be6
34. Qb5 Re3 35. Rxe3 Qxe3 36. Rf1 Qe4+ 37. Nf3 Bd5 38. Qd7 Qe2 39. Qxd5 Qxf1+
40. Kh2 Qe2+ 41. Kh3 Kg7 0-1

[Event "Qatar Masters Open 2024"]
[Site "Doha QAT"]
[Date "2024.12.09"]
[Round "6.59"]
[White "Aitbayev, Aslan"]
[Black "Ankit Ray"]
[Result "1-0"]
[WhiteTitle "IM"]
[BlackTitle "FM"]
[WhiteElo "2369"]
[BlackElo "2320"]
[WhiteFideId "13704613"]
[BlackFideId "25770624"]
[EventDate "2024.12.03"]

1. e4 c5 2. Nf3 e6 3. g3 Nc6 4. Bg2 Nf6 5. Qe2 e5 6. O-O d6 7. c3 Be7 8. Na3 O-O
9. Nc2 Bg4 10. Ne3 Bh5 11. Nf5 Re8 12. Nxe7+ Qxe7 13. d3 b5 14. Qc2 a5 15. Nh4
Bg4 16. f4 exf4 17. e5 Nxe5 18. Bxa8 Rxa8 19. Bxf4 Re8 20. Bg5 c4 21. Bxf6 gxf6
22. dxc4 Nxc4 23. Qf2 Bh3 24. Rfe1 Ne5 25. Rad1 Qe6 26. Qb6 Qxa2 27. Qxb5 Re6
28. Ra1 Qc4 29. Rxe5 1-0

[Event "Qatar Masters Open 2024"]
[Site "Doha QAT"]
[Date "2024.12.09"]
[Round "6.60"]
[White "Dixit, Nikhil"]
[Black "Sriansh Das"]
[Result "1/2-1/2"]
[WhiteTitle "FM"]
[WhiteElo "2361"]
[BlackElo "2315"]
[WhiteFideId "5059534"]
[BlackFideId "45030081"]
[EventDate "2024.12.03"]

1. e4 e6 2. d4 d5 3. e5 c5 4. c3 Qb6 5. Nf3 Bd7 6. Bd3 Bb5 7. dxc5 Bxc5 8. b4
Bxd3 9. Qxd3 Bf8 10. O-O Ne7 11. Na3 Nec6 12. Be3 Qd8 13. Nc2 Nd7 14. Bf4 Be7
15. Rfe1 O-O 16. Rad1 Rc8 17. a3 Nb6 18. Ne3 Qc7 19. g3 Rfd8 20. Ng4 Nc4 21.
Nf6+ gxf6 22. exf6 e5 23. fxe7 Qxe7 24. Qf5 Qe6 25. Qxe6 fxe6 26. Nxe5 N6xe5 27.
Bxe5 Nxa3 28. Bd4 Re8 29. Re5 Nb5 30. Rg5+ Kf8 31. Bc5+ Kf7 32. Rd3 Rxc5 33.
Rf3+ Ke7 34. bxc5 Kd7 35. Rg7+ Kc6 36. Rff7 a5 37. Rxb7 Ra8 38. Rb6+ Kxc5 39.
Rxe6 a4 40. Rxh7 a3 41. Rhh6 Nxc3 42. Ra6 Rxa6 43. Rxa6 Kb4 44. h4 d4 45. Kf1
Na4 46. Rc6 Nc3 47. Ra6 1/2-1/2

[Event "Qatar Masters Open 2024"]
[Site "Doha QAT"]
[Date "2024.12.09"]
[Round "6.61"]
[White "Nayak, Rajesh"]
[Black "Wafa, Hamed"]
[Result "1-0"]
[WhiteTitle "CM"]
[BlackTitle "IM"]
[WhiteElo "2292"]
[BlackElo "2359"]
[WhiteFideId "35017152"]
[BlackFideId "10628452"]
[EventDate "2024.12.03"]

1. e4 c5 2. Nf3 d6 3. d4 cxd4 4. Nxd4 Nf6 5. Nc3 Nc6 6. Bg5 e6 7. Qd2 Be7 8.
O-O-O a6 9. Kb1 Nxd4 10. Qxd4 h6 11. Bxf6 Bxf6 12. Qxd6 Qxd6 13. Rxd6 Bd7 14.
Rd3 Bc6 15. f3 Ke7 16. Be2 h5 17. Rhd1 Be5 18. h3 g5 19. a3 Rac8 20. Rf1 Rcd8
21. Rxd8 Rxd8 22. Rd1 Rxd1+ 23. Nxd1 Bd4 24. c3 Bb6 25. b4 Kf6 26. Nb2 g4 27.
hxg4 hxg4 28. Nd3 Bc7 29. Kc2 Kg5 30. Nf2 g3 31. Nd3 f5 32. Nc5 Kf6 33. exf5
exf5 34. c4 Ke5 35. Kc3 Kf4 36. Kd2 Ke5 37. Kc3 Kf4 38. Kd3 Bd6 39. Ne6+ Ke5 40.
Nd8 Kf4 41. Ne6+ Ke5 42. Nd8 Kf4 43. c5 Be7 44. Nxc6 bxc6 45. Kd2 a5 46. Ba6
axb4 47. axb4 Ke5 48. Kd3 Bg5 49. Bb7 Kd5 50. Bc8 Bc1 51. Bxf5 Ba3 52. Kc3 Ke5
53. Be4 Kf4 54. Bxc6 1-0

[Event "Qatar Masters Open 2024"]
[Site "Doha QAT"]
[Date "2024.12.09"]
[Round "6.62"]
[White "Navrotescu, Andreea"]
[Black "Fandi, Mazen"]
[Result "0-1"]
[WhiteTitle "WGM"]
[WhiteElo "2356"]
[BlackElo "2278"]
[WhiteFideId "675946"]
[BlackFideId "7611625"]
[EventDate "2024.12.03"]

1. e4 c6 2. d4 d5 3. e5 Bf5 4. h4 h5 5. Bg5 Qb6 6. Bd3 Bxd3 7. Qxd3 e6 8. Nd2
Ne7 9. Ne2 c5 10. c4 Nbc6 11. cxd5 Nxd5 12. Nc4 Qc7 13. O-O f6 14. Bf4 Nxf4 15.
Nxf4 Nxd4 16. Nd6+ Bxd6 17. exd6 Qd7 18. b4 b6 19. bxc5 bxc5 20. Qg6+ Kf8 21.
Qe4 Kf7 22. Qg6+ Kg8 23. Rab1 Rh6 24. Qe4 Rd8 25. Rb7 Qxd6 26. g3 e5 27. Ng2 f5
28. Qb1 Qa6 29. Rb8 Rd6 30. Ne3 Nf3+ 31. Kg2 Nd2 32. Rxd8+ Rxd8 33. Qxf5 Nxf1
34. Nxf1 Rd1 35. Nh2 Qc6+ 36. Nf3 c4 37. Kh2 c3 0-1

[Event "Qatar Masters Open 2024"]
[Site "Doha QAT"]
[Date "2024.12.09"]
[Round "6.63"]
[White "Garv, Rai"]
[Black "Sliwicka, Alicja"]
[Result "1/2-1/2"]
[BlackTitle "WGM"]
[WhiteElo "2277"]
[BlackElo "2346"]
[WhiteFideId "35049593"]
[BlackFideId "1150677"]
[EventDate "2024.12.03"]

1. d4 Nf6 2. Bf4 e6 3. e3 c5 4. Nf3 cxd4 5. exd4 b6 6. Nbd2 Be7 7. h3 O-O 8. c3
Ba6 9. Bxa6 Nxa6 10. a4 d6 11. O-O Nc7 12. Bh2 Rc8 13. Qe2 Qd7 14. Rfc1 Ncd5 15.
Ne1 Rfd8 16. Nd3 Bf8 17. Nf3 h6 18. c4 Ne7 19. b4 Qb7 20. Nd2 Nf5 21. Nb3 Rd7
22. b5 Nh4 23. f3 Nf5 24. Qf2 Re8 25. a5 Rdd8 26. Ra2 g6 27. Rca1 Qc8 28. Rc2
Bg7 29. Nb4 Ne7 30. axb6 axb6 31. Ra6 Qb7 32. Rca2 Qc8 33. Qe2 e5 34. d5 Qf5 35.
Nd2 Rb8 36. Ne4 Nxe4 37. fxe4 Qg5 38. Ra1 f5 39. Nc6 Rb7 40. Kh1 fxe4 41. Nxe7+
Qxe7 42. Qxe4 Kh7 43. Bg1 Qc7 44. h4 h5 45. g4 hxg4 46. h5 Qf7 47. Qxg6+ Qxg6
48. hxg6+ Kxg6 49. Rxb6 Rxb6 50. Bxb6 e4 51. Rb1 e3 52. Kg2 Bc3 53. c5 Bd4 54.
Bc7 Bxc5 55. b6 e2 56. b7 Ba7 57. Re1 Bb8 58. Bxb8 Rxb8 59. Rxe2 Rxb7 60. Re6+
Kf5 61. Rxd6 Rb2+ 62. Kg3 Rb3+ 63. Kg2 Rb2+ 1/2-1/2

[Event "Qatar Masters Open 2024"]
[Site "Doha QAT"]
[Date "2024.12.09"]
[Round "6.64"]
[White "Prraneeth, Vuppala"]
[Black "Sultan, Ibrahim"]
[Result "1-0"]
[WhiteTitle "GM"]
[BlackTitle "IM"]
[WhiteElo "2461"]
[BlackElo "2205"]
[WhiteFideId "46622373"]
[BlackFideId "9301143"]
[EventDate "2024.12.03"]

1. c4 e6 2. g3 d5 3. Bg2 Nf6 4. Nf3 Be7 5. O-O O-O 6. b3 c5 7. cxd5 Nxd5 8. Bb2
Nc6 9. d4 cxd4 10. Nxd4 Bd7 11. Na3 Nxd4 12. Qxd4 Bf6 13. Qd2 Bc6 14. Nc4 Bxb2
15. Qxb2 b5 16. Ne5 Rc8 17. Rfd1 Qf6 18. e4 Nb4 19. a3 Nc2 20. Rac1 Nxa3 21. f4
b4 22. Qd2 Ba8 23. Qxb4 Nc2 24. Qd2 Na3 25. Nd7 Qd8 26. Rxc8 1-0

[Event "Qatar Masters Open 2024"]
[Site "Doha QAT"]
[Date "2024.12.09"]
[Round "6.65"]
[White "Zhukova, Natalia"]
[Black "Socko, Monika"]
[Result "1-0"]
[WhiteTitle "GM"]
[BlackTitle "GM"]
[WhiteElo "2302"]
[BlackElo "2402"]
[WhiteFideId "14101513"]
[BlackFideId "1106619"]
[EventDate "2024.12.03"]

1. Nf3 Nf6 2. c4 g6 3. d4 Bg7 4. e3 c5 5. d5 O-O 6. Nc3 e6 7. Be2 exd5 8. cxd5
d6 9. Nd2 Na6 10. e4 Nc7 11. O-O Re8 12. Re1 Rb8 13. a4 a6 14. a5 Bd7 15. f3 Nb5
16. Nc4 Nh5 17. g4 Bd4+ 18. Kh1 Nf6 19. Bf4 Bxc3 20. bxc3 Nxc3 21. Qc2 Nxe2 22.
Rxe2 Bb5 23. Ra3 Bxc4 24. Qxc4 b5 25. axb6 Rxb6 26. Rxa6 Rb1+ 27. Kg2 Rb4 28.
Qa2 Rb6 29. Rb2 Nd7 30. Bxd6 Rxa6 31. Qxa6 h5 32. h3 hxg4 33. hxg4 Qf6 34. Ra2
Ne5 35. Bxe5 Qxe5 36. Qc6 Kg7 37. Qxc5 Rh8 38. Qg1 Rc8 39. Rd2 Rc4 40. d6 Qf4
41. Qf2 Rc8 42. d7 Rd8 43. Rd5 Qc7 44. Qd4+ Kg8 45. Qd2 Qb7 46. Rd6 Qb5 47. Qd3
Qb2+ 48. Kg3 Qc1 49. Qd1 Qe3 50. Rc6 Kf8 51. Qd6+ Kg8 52. Rc8 Qg1+ 53. Kh4 Kg7
54. Kg5 Qa1 55. e5 Kh7 56. Qf6 Qa2 57. f4 Qd5 58. Rxd8 Qxe5+ 59. Qxe5 f6+ 60.
Kxf6 1-0

[Event "Qatar Masters Open 2024"]
[Site "Doha QAT"]
[Date "2024.12.09"]
[Round "6.66"]
[White "Binu, Devdutt"]
[Black "Kamalidenova, Meruert"]
[Result "0-1"]
[WhiteTitle "CM"]
[BlackTitle "IM"]
[WhiteElo "2274"]
[BlackElo "2378"]
[WhiteFideId "366108941"]
[BlackFideId "13712802"]
[EventDate "2024.12.03"]

1. d4 Nf6 2. c4 g6 3. Nc3 Bg7 4. e4 d6 5. Nf3 O-O 6. Be2 e5 7. Be3 a5 8. O-O Bg4
9. dxe5 dxe5 10. Nxe5 Qxd1 11. Bxd1 Bxd1 12. Raxd1 Re8 13. Nf3 Na6 14. Nd2 Ng4
15. Bf4 Ne5 16. Bxe5 Bxe5 17. Ndb1 Nc5 18. f3 a4 19. g3 c6 20. Rd2 Kf8 21. Rfd1
Ra6 22. Rc1 Rb6 23. Nd1 Bf6 24. Ndc3 Rb4 25. Na3 g5 26. Re1 Rxb2 27. Rxb2 Bxc3
28. Rbb1 Bxe1 29. Rxe1 Rd8 30. Nb1 Rd4 31. Rc1 Nd3 32. Rd1 Rxc4 33. a3 Nb2 34.
Rf1 b5 35. Kf2 c5 36. Ke3 Rc2 37. Nd2 b4 38. Ra1 Rc3+ 39. Ke2 Rxa3 40. Rc1 Rc3
41. Rxc3 bxc3 42. Nf1 Nc4 43. Kd3 a3 0-1